00383nam a2200145Ia 4500003000900000008004100009040001600050080001300066100002000079245004600099260003800145300001600183650002700199650001100226IN-BaIIA211028s9999 xx 000 0 eng d cIIA Library a535bMER aMertz, Lawrence 0aTransformations in OpticscLawrence Mertz aNew YorkbJohn Wiley & Sonsc1965 aviii, 116p. aFourier Transformation aOptics